National Geographic (Record no. 30092)
[ view plain ]
| 000 -LEADER | |
|---|---|
| fixed length control field | 00236 a2200109 4500 |
| 022 ## - INTERNATIONAL STANDARD SERIAL NUMBER | |
| International Standard Serial Number | 0027-9358 |
| 028 ## - PUBLISHER NUMBER | |
| Publisher number | National Geographic Society |
| 082 ## - DEWEY DECIMAL CLASSIFICATION NUMBER | |
| Classification number | 070 |
| 090 ## - LOCALLY ASSIGNED LC-TYPE CALL NUMBER (OCLC); LOCAL CALL NUMBER (RLIN) | |
| -- | 1481 |
| -- | 1481 |
| 245 ## - TITLE STATEMENT | |
| Title | National Geographic |
| 942 ## - ADDED ENTRY ELEMENTS (KOHA) | |
| Institution code [OBSOLETE] | SNS |
| Koha item type | |
| Call number prefix | 070 |
| Withdrawn status | Lost status | Damaged status | Not for loan | Permanent Location | Current Location | Date acquired | Total Checkouts | Full call number | Barcode | Date last seen | Price effective from | Koha item type |
|---|---|---|---|---|---|---|---|---|---|---|---|---|
| School of Natural Sciences (SNS) | School of Natural Sciences (SNS) | 05/26/2016 | 070 | SNSMAG0001 | 05/26/2016 | 05/26/2016 |
